| 000 | 00477cam a2200181ua 4500 | ||
|---|---|---|---|
| 003 | OSt | ||
| 008 | 241226b |||||||| |||| 00| 0 eng d | ||
| 020 | _a0-07-085764-5 | ||
| 041 | _aeng | ||
| 082 |
_a621.3191 _bSTA/CO |
||
| 100 |
_aStagg, Glenn W . _96593 |
||
| 245 | _aComputer methods in power system analysis / | ||
| 250 | _a1 / | ||
| 260 |
_aNew York : _bMcGraw Hill Book Company , _c1968. |
||
| 300 | _a427 ; . | ||
| 700 | 1 |
_aEl-Abiad, Ahmed H . _96594 |
|
| 942 | _cBK | ||
| 999 |
_c9341 _d9341 |
||